000 00211nam a2200097Ia 4500
008 190216s9999||||xx |||||||||||||| ||und||
100 _aNull
245 0 _aHindi-Sudarshansuman
260 _bRathnagar
942 _cBK
999 _c18417
_d18417